| 000 | 00473nam a2200169 a 4500 | ||
|---|---|---|---|
| 001 | 000029156 | ||
| 003 | OSt | ||
| 005 | 20220530114007.0 | ||
| 007 | ta | ||
| 008 | 110413s2007 dr 000 0 spa d | ||
| 040 |
_aDO-SdBNP _bspa _cBNPHU |
||
| 245 | 0 | 0 | _aManifiesto de Montecristi. |
| 260 |
_aSanto Domingo : _bFundación Juan Bosch, _c2007. |
||
| 300 |
_a23 p. ; _c21 cm. |
||
| 500 | _aIncluye referencias bibliográficas y notas al pie de la páginas | ||
| 942 |
_2ddc _cLBS1 |
||
| 999 |
_c28648 _d28648 |
||